High School Musical : (Record no. 16025)
[ view plain ]
| 000 -LEADER | |
|---|---|
| fixed length control field | 02301nam a22003977a 4500 |
| 003 - CONTROL NUMBER IDENTIFIER | |
| control field | dpl |
| 005 - DATE AND TIME OF LATEST TRANSACTION | |
| control field | 2008090303483.0 |
| 007 - PHYSICAL DESCRIPTION FIXED FIELD--GENERAL INFORMATION | |
| fixed length control field | DVD |
| 008 - FIXED-LENGTH DATA ELEMENTS--GENERAL INFORMATION | |
| fixed length control field | 050907s2005 cau105 g 00| 0 eng d |
| 010 ## - LIBRARY OF CONGRESS CONTROL NUMBER | |
| LC control number | DVD-000779-781 |
| 024 ## - OTHER STANDARD IDENTIFIER | |
| Standard number or code | 27041 |
| Terms of availability | 399.00 |
| 035 ## - SYSTEM CONTROL NUMBER | |
| System control number | DVD-000779-781 |
| 040 ## - CATALOGING SOURCE | |
| Original cataloging agency | DPL |
| Transcribing agency | DPL |
| 092 ## - LOCALLY ASSIGNED DEWEY CALL NUMBER (OCLC) | |
| Classification number | DVD / HIGH |
| 245 ## - TITLE STATEMENT | |
| Title | High School Musical : |
| Medium | [videorecording] DVD / |
| Statement of responsibility, etc | Walt Disney Pictures Presents |
| Remainder of title | The Concert- Extreme Access Pass |
| 260 ## - PUBLICATION, DISTRIBUTION, ETC. (IMPRINT) | |
| Name of publisher, distributor, etc | Walt Disney Home Entertainment |
| 300 ## - PHYSICAL DESCRIPTION | |
| Extent | 1 videocassette (56:46 min.) |
| Other physical details | sd., col. ; |
| Dimensions | 4-3/4 in. |
| Type of unit | DVD |
| 440 ## - SERIES STATEMENT/ADDED ENTRY--TITLE | |
| Title | Walt Disney Home Entertainment |
| 500 ## - GENERAL NOTE | |
| General note | Distributor in India Excel Production Audiovisuals Pvt. Ltd. Mumbai |
| 500 ## - GENERAL NOTE | |
| General note | Concert Extras: Jordan Pruitt, High School Musical: On the Road, Sneak Peek of High School Musical 2, U Direct Muklti-Angle Concert Features |
| 508 ## - CREATION/PRODUCTION CREDITS NOTE | |
| Creation/production credits note | Director of photography, Oliver Wood ; art directors, Shepherd Frankel, Don Macaulay ; editor, William Hoy ; music, Miri Ben-Ari, John Ottman ; costume designer, Jose Fernandez, Wendy Partridge ; production designer, Bill Boes ; visual effects supervisors |
| 538 ## - SYSTEM DETAILS NOTE | |
| System details note | Dolby digital 2.0, English, Spanish, Portuguese Subtitles: English,Japanese, Trad Chinese, Malasian, Thai, Bahasan, Spanishj |
| 538 ## - SYSTEM DETAILS NOTE | |
| System details note | Aspect Ratio 1:78.1,Presentation Type: Letter Box, Presentation Size: 4x3 , Format: DVD 9 Dual Layer Single Sided Disc. Layer Transition may trigger a slight pause. |
| 650 ## - SUBJECT ADDED ENTRY--TOPICAL TERM | |
| Topical term or geographic name as entry element | Motion Picture |
| 700 ## - ADDED ENTRY--PERSONAL NAME | |
| Personal name | Bleu, Corbin |
| 700 ## - ADDED ENTRY--PERSONAL NAME | |
| Personal name | Coleman, Monique |
| 700 ## - ADDED ENTRY--PERSONAL NAME | |
| Personal name | Crabeel, Lucas |
| 700 ## - ADDED ENTRY--PERSONAL NAME | |
| Personal name | Hudgens, Vanessa |
| 700 ## - ADDED ENTRY--PERSONAL NAME | |
| Personal name | Tisdale, Ashley |
| 700 ## - ADDED ENTRY--PERSONAL NAME | |
| Personal name | Morphos, Paul |
| 942 ## - ADDED ENTRY ELEMENTS (KOHA) | |
| Koha item type | CD-ROMs, DVDs, VHS |
| Source of classification or shelving scheme | Dewey Decimal Classification |
| Classification part | DVD |
| Call number suffix | HIGH |
| Withdrawn status | Lost status | Source of classification or shelving scheme | Damaged status | Not for loan | Home library | Current library | Date acquired | Source of acquisition | Cost, normal purchase price | Total Checkouts | Full call number | Barcode | Date last seen | Date checked out | Copy number | Cost, replacement price | Price effective from | Koha item type |
|---|---|---|---|---|---|---|---|---|---|---|---|---|---|---|---|---|---|---|
| Dewey Decimal Classification | Central Library | Central Library | 30/09/2008 | Purchase | 399.00 | 19 | DVD HIGH | DVD-000779 | 24/10/2009 | 12/10/2009 | 1 | 399.00 | 30/09/2008 | CD-ROMs, DVDs, VHS | ||||
| Dewey Decimal Classification | Patel Nagar | Patel Nagar | 30/09/2008 | Purchase | 399.00 | 19 | DVD HIGH | DVD-000781 | 27/05/2013 | 13/05/2013 | 1 | 399.00 | 30/09/2008 | CD-ROMs, DVDs, VHS | ||||
| Dewey Decimal Classification | Sarojini Nagar | Sarojini Nagar | 30/09/2008 | Purchase | 399.00 | 24 | DVD HIGH | DVD-000780 | 05/08/2013 | 02/08/2013 | 1 | 399.00 | 30/09/2008 | CD-ROMs, DVDs, VHS |
